000 00303nam a2200121 a 4500
005 20140414131855.0
008 100901s19uu xx 00 eng d
050 _aFIL
_bL78 2007
100 _aMolina, Russel
245 _aLola Puti.
260 _aManila, Philippines :
_bAdarna,
_c2007.
999 _c110426
_d110426